Využitie odpadových substrátov pre produkciu biologicky aktívnych látok červenými kvasinkami

Enregistré dans:
Détails bibliographiques
Auteur principal: Posviatenko, Mariia (Auteur)
Autres auteurs: Klempová, Tatiana (Directeur de thèse)
Format: Manuscrit Livre
Langue:slovaque
Publié: 2025
Sujets:
Accès en ligne:http://is.stuba.sk/zp/portal_zp.pl?podrobnosti=180234
Tags: Ajouter un tag
Pas de tags, Soyez le premier à ajouter un tag!

MARC

LEADER 00000ntm a22000003a 4500
001 stuzp104715
003 SK-STU
005 20250628211929.7
007 ta
008 150427s2015----xo-----f-mn---000-0-slo-d
040 |a STU  |b slo 
041 0 |a slo 
100 1 |a Posviatenko, Mariia  |u 044000  |4 aut  |U FCHPT Fakulta chemickej a potravinárskej technológie  |T FCHPT Ústav biotechnológie  |X 123489  |U C4000  |Y 102  |7 123489 
242 0 1 |a Use of waste substrates for the production of biologically active compounds by red yeast  |y eng 
245 1 0 |a Využitie odpadových substrátov pre produkciu biologicky aktívnych látok červenými kvasinkami 
260 |c 2025 
650 4 |a červené kvasinky  |2 slo 
650 4 |a odpadový glycerol  |2 slo 
650 4 |a sladovnícka maltóza  |2 slo 
650 4 |a karotenoidy  |2 slo 
650 4 |a mikrobiálne lipidy  |2 slo 
650 4 |a red yeasts  |2 eng 
650 4 |a crude glycerol  |2 eng 
650 4 |a carotenoids  |2 eng 
650 4 |a microbial lipids  |2 eng 
650 4 |a malt extract  |2 eng 
700 1 |a Klempová, Tatiana  |u 044000  |k Z1  |4 ths  |U FCHPT Fakulta chemickej a potravinárskej technológie  |T FCHPT Ústav biotechnológie  |X 21604  |U C4000  |Y 102  |7 A000021604 
856 4 |u http://is.stuba.sk/zp/portal_zp.pl?podrobnosti=180234